Logo BPK

Biblioteka

Politechniki Koszalińskiej

Media lokalne w Polsce. (Rekord nr 55768)

Szczegóły MARC
000 -ETYKIETA REKORDU
podpole kontrolne o stałej długości 00624nam a2200217 i 4500
001 - NUMER KONTROLNY REKORDU
pole kontrolne bg
020 ## - MIĘDZYNARODOWY ZNORMALIZOWANY NUMER KSIĄŻKI - ISBN
ISBN 9788360251126
040 ## - ŹRÓDŁO KATALOGOWANIA
Instytucja, która utworzyła rekord BPK
041 0# - KOD JĘZYKA
Kod języka tekstu pol
044 ## - KOD KRAJU WYDAWCY/PRODUCENTA
Kod kraju wydawcy/producenta POL
080 ## - UNIWERSALNA KLASYFIKACJA DZIESIĘTNA - UKD
UKD 659.3:316.77](438)"1989/..."
920 ## - Międzynarodowy znormalizowany numer książki – ISBN
ISBN 978-83-60251-12-6
008 - POLE O STAŁEJ DŁUGOŚCI - DANE KONTROLNE
podpole kontrolne o stałej długości s pl f |000 0 pol
100 1# - NAZWA OSOBOWA
Nazwa osobowa Kowalczyk, Ryszard.
245 ## - TYTUŁ/ODPOWIEDZIALNOŚĆ
Tytuł Media lokalne w Polsce.
Oznaczenie części/sekcji dzieła T. 1 /
Pozostałe elementy strefy tytułu i oznaczenia odpowiedzialności Ryszard Kowalczyk.
260 ## - STREFA ADRESU WYDAWNICZEGO
Miejsce wydania Poznań :
Nazwa wydawcy/dystrybutora Wydawnictwo CONTACT,
Data publikacji, dystrybucji/powstania dokumentu 2008.
300 ## - STREFA OPISU FIZYCZNEGO
Objętość 482 s. :
Inne cechy fizyczne il. ;
Rozmiary 25 cm.
650 #9 - HASŁO PRZEDMIOTOWE W FORMIE NAZWY OGÓLNEJ LUB JEDNOSTKOWEJ
Nazwa ogólna lub geograficzna Środki masowego przekazu
Określnik geograficzny Polska
Określnik chronologiczny od 1989 r.
856 ## - LOKALIZACJA I DOSTĘP DO ELEKTRONICZNYCH DOKUMENTÓW ZDALNYCH
Link (URL) http://koha.tu.koszalin.pl/cgi-bin/koha/opac-detail.pl?biblionumber=55768
Tekst linku Katalog online BPK
942 ## - DODATKOWE ELEMENTY (KOHA)
Typ dokumentu Książka
Egzemplarze
Wycofany Status egzemplarza Uszkodzony Dostępność Lokalizacja stała Lokalizacja bieżąca Miejsce przechowywania Sygnatura Kod kreskowy Dział Typ dokumentu Ostatnio wypożyczono
      Tylko na miejscu Biblioteka Politechniki Koszalińskiej Biblioteka Politechniki Koszalińskiej Czytelnia BG 89284 02469621 316.77 Komunikacja społeczna Książka  
      Tylko na miejscu Biblioteka Politechniki Koszalińskiej Biblioteka Politechniki Koszalińskiej Czytelnia Wydziałowa ul. Kwiatkowskiego 6e 89285 02469614 07 Mass media. Dziennikarstwo Książka  
      Dostępny Biblioteka Politechniki Koszalińskiej Biblioteka Politechniki Koszalińskiej Wypożyczalnia BG 102779 02589800   Książka 12.09.2013
© 2023 Biblioteka Politechniki Koszalińskiej :: KOHA